[Event "Premier Quad, S40459"]
[Site "CCLA"]
[Date "2014.12.29"]
[Round "?"]
[White "Clancey, James"]
[Black "Shepherd, Christopher B."]
[Result "1-0"]
[WhiteElo "2053"]
[BlackElo "1682"]

1. e4 g6 2. Nf3 Bg7 3. d4 d6 4. Bc4 e6 5. Bb3 Ne7 6. O-O b6 7. Re1 Bb7 8. 
c3 Nd7 9. Nbd2 h6 10. Nf1 O-O 11. Ng3 c5 12. Bf4 e5 13. dxe5 dxe5 14. Be3 
Qc7 15. Qd2 Kh7 16. Rad1 Rad8 17. Qd6 Qxd6 18. Rxd6 Nb8 19. Rxd8 Rxd8 20. 
Bxf7 Na6 21. h4 Nc7 22. a4 Bc8 23. h5 Bg4 24. b4 Bxf3 25. gxf3 cxb4 26. 
cxb4 Rd7 27. b5 gxh5 28. Nxh5 Ng6 29. Bc4 Ne8 30. Be6 Re7 31. Bf5 Nf6 32. 
Nxf6+ Bxf6 33. Kh2 Rg7 34. Rg1 h5 35. f4 exf4 36. Bxf4 Bd4 37. Rg2 1-0

[Event "2014 Server Championship, S40029"]
[Site "CCLA"]
[Date "2014.01.27"]
[Round "?"]
[White "Motta, Paul"]
[Black "Owens, Johnny"]
[Result "1-0"]
[WhiteElo "2418"]
[BlackElo "2150"]

1. d4 g6 2. Nc3 Bg7 3. e4 c5 4. dxc5 Qa5 5. Bd2 Qxc5 6. Nd5 Na6 7. Nf3 e6 
8. b4 Qf8 9. Nc3 Qe7 10. e5 f6 11. Ne4 fxe5 12. Bg5 Qxb4+ 13. Nfd2 Nc7 14.
 Rb1 Qf8 15. Nc4 d5 16. Ncd6+ Kd7 17. c4 Nf6 18. cxd5 exd5 19. Be2 Nxe4 
20. Nxe4 Ke8 21. O-O h6 22. Rc1 hxg5 23. Rxc7 Qf4 24. Nd6+ Kd8 25. g3 Qb4 
26. Nb5 Be6 27. Rxg7 Rc8 28. Qd3 Re8 29. Qxg6 1-0

[Event " Herbert W. Gustafson Memorial Open, S47109"]
[Site "CCLA"]
[Date "2014.10.27"]
[Round "?"]
[White "Hadley, Douglas R."]
[Black "Smith, Jason A."]
[Result "1/2-1/2"]
[WhiteElo "1576"]
[BlackElo "1717"]

1. e4 g6 2. d4 Bg7 3. Nc3 b6 4. f4 Bb7 5. Nf3 e6 6. Be3 Ne7 7. Bd3 O-O 8. 
Qd2 d6 9. O-O-O Nd7 10. h4 Nf6 11. Rdg1 d5 12. Be2 Nxe4 13. Nxe4 dxe4 14. 
Ne5 f6 15. Nc4 e5 16. fxe5 fxe5 17. dxe5 Qxd2+ 18. Kxd2 Nc6 19. e6 Rae8 
20. Bg4 Ne5 21. Nxe5 Bxe5 22. c3 Bd5 23. b3 Bxe6 24. Bxe6+ Rxe6 25. c4 
Rd6+ 26. Ke2 c5 27. Rd1 Bd4 28. Rhf1 Rxf1 29. Rxf1 Bxe3 30. Kxe3 Rd3+ 31. 
Ke2 Rg3 32. Kf2 Rd3 33. Ke2 Rg3 34. Kf2 1/2-1/2

[Event "2014 Server Championship, S40029"]
[Site "CCLA"]
[Date "2014.01.27"]
[Round "?"]
[White "Horwitz, Daniel M."]
[Black "Owens, Johnny"]
[Result "1-0"]
[WhiteElo "2335"]
[BlackElo "2150"]

1. e4 g6 2. d4 Bg7 3. Nc3 c5 4. dxc5 Qa5 5. Bd2 Qxc5 6. Nd5 Na6 7. Nf3 e6 
8. Bc3 Kf8 9. Bxg7+ Kxg7 10. Nc3 Nf6 11. e5 Ng4 12. Qe2 d6 13. O-O-O Qxf2 
14. Rxd6 Nc5 15. Qxf2 Nxf2 16. Rg1 Ng4 17. h3 Ne3 18. g4 h5 19. b4 hxg4 
20. hxg4 Nd7 21. Rd3 Nxf1 22. Rxf1 b5 23. Ne4 a5 24. Rc3 Bb7 25. Nfg5 Bxe4
26. Rxf7+ Kg8 27. Rxd7 Rh1+ 28. Kd2 Rh2+ 29. Ke3 axb4 30. Rcc7 Bxc2 31. 
Nh7 Rxh7 32. Rxh7 Ra3+ 33. Kd4 Ra8 34. Rhe7 b3 35. axb3 Bxb3 36. Kc5 Rd8 
37. g5 Bc4 38. Kb6 Bd5 39. Rg7+ Kh8 40. Rh7+ Kg8 41. Rcg7+ Kf8 42. Ra7 Kg8
43. Rhg7+ Kh8 44. Rxg6 b4 45. Rh6+ Kg8 46. g6 Ra8 47. Rc7 Be4 48. Kc5 b3 
49. g7 Bh7 50. Rb7 b2 51. Rxb2 Kxg7 52. Rxe6 Kf7 53. Rf6+ Ke8 54. Rh6 Be4 
55. e6 Ke7 56. Rf2 Bf5 57. Kb6 Rb8+ 58. Kc7 Rb5 59. Rd2 1-0

[Event " Herbert W. Gustafson Memorial Open, S47109"]
[Site "CCLA"]
[Date "2014.10.27"]
[Round "?"]
[White "Zarges, Ron V."]
[Black "Smith, Jason A."]
[Result "1/2-1/2"]
[WhiteElo "1651"]
[BlackElo "1717"]

1. e4 g6 2. d4 Bg7 3. Nc3 b6 4. Be3 Bb7 5. Qd2 e6 6. O-O-O Ne7 7. Bh6 O-O 
8. Bxg7 Kxg7 9. f4 d5 10. Bd3 dxe4 11. Bxe4 Bxe4 12. Nxe4 Nbc6 13. Nf3 Qd5
14. Nc3 Qa5 15. Kb1 Nb4 16. a3 Nbd5 17. Nxd5 Qxd2 18. Rxd2 Nxd5 19. g3 
Rfd8 20. Re1 Rd6 21. Rd3 Rad8 22. c3 Nf6 23. Ne5 c5 24. Red1 cxd4 25. Rxd4
Rxd4 26. Rxd4 Rxd4 27. cxd4 h5 28. Kc2 h4 29. gxh4 Nd5 30. Nd3 Kf6 31. Ne5
Nxf4 32. Kd2 Ng2 33. Kd3 Nxh4 34. Ke4 Nf5 35. d5 exd5+ 36. Kxd5 Ne3+ 37. 
Ke4 Nf1 38. Nf3 g5 39. h3 Ng3+ 40. Ke3 Nh5 41. Ke4 Nf4 42. Ng1 Ke6 43. h4 
f5+ 44. Kf3 Nd3 45. hxg5 Nxb2 46. Ne2 Ke5 47. Nd4 Nc4 48. Nc6+ Ke6 49. 
Nxa7 Nxa3 50. Nc6 b5 51. Nd8+ Ke7 52. Nc6+ Ke6 53. Nd8+ Ke7 54. Nc6+ 
1/2-1/2

[Event "Continuous Server Series, S40079"]
[Site "CCLA"]
[Date "2014.03.17"]
[Round "?"]
[White "Stroup, Jim"]
[Black "Baker, Scott"]
[Result "1-0"]
[WhiteElo "1768"]
[BlackElo "1471"]

1. e4 g6 2. d4 Bg7 3. Nc3 d6 4. Be3 a6 5. f4 b5 6. Bd3 Bb7 7. Nf3 Nd7 8. 
O-O Ngf6 9. e5 Ng4 10. Bd2 c5 11. Ng5 Nh6 12. Be4 Bxe4 13. Ncxe4 Nf5 14. 
g4 Nxd4 15. c3 Ne6 16. Nxe6 fxe6 17. exd6 O-O 18. Ng5 Qb6 19. Nxe6 c4+ 20.
 Rf2 Rf6 21. Qf3 Rc8 22. Nxg7 Ne5 23. Qd5+ Kxg7 24. Qxe5 exd6 25. Qe7+ Rf7
26. Qe6 Rcf8 27. Be3 1-0

[Event "Premier Quad, S40459"]
[Site "CCLA"]
[Date "2014.12.29"]
[Round "?"]
[White "Laven, George"]
[Black "Shepherd, Christopher B."]
[Result "1/2-1/2"]
[WhiteElo "1834"]
[BlackElo "1682"]

1. e4 g6 2. d4 Bg7 3. Nf3 d6 4. Nc3 a6 5. Be3 b5 6. a4 b4 7. Nd5 Bb7 8. 
Nxb4 Bxe4 9. Bc4 e6 10. O-O a5 11. Nd3 Bxd3 12. Bxd3 Nf6 13. Qd2 O-O 14. 
Rfe1 Nc6 15. c3 Ne7 16. Bg5 Ned5 17. Rad1 c6 18. c4 Nb4 19. Bb1 Na6 20. b3
Rb8 21. Qd3 Nb4 22. Qe3 Qd7 23. h3 Rfc8 24. Re2 Rb7 25. Ne1 Rcb8 26. Nc2 
Na6 27. Ba2 Ne8 28. Red2 Nb4 29. Nxb4 Rxb4 30. g4 Nc7 31. Qg3 f5 32. Bf4 
Bf8 33. Kg2 Ne8 34. Rd3 Nf6 1/2-1/2

[Event "Regular Quad, S40329"]
[Site "CCLA"]
[Date "2014.09.26"]
[Round "?"]
[White "Acosta, Errol"]
[Black "Miller, Allan A."]
[Result "0-1"]
[WhiteElo "1365"]
[BlackElo "1563"]

1. e4 Nf6 2. Nc3 d6 3. f4 Bg4 4. Nf3 e5 5. Bc4 Nc6 6. h3 Bxf3 7. Qxf3 Qd7 
8. O-O O-O-O 9. d3 Na5 10. Bb5 c6 11. Ba4 b5 12. b4 bxa4 13. bxa5 Be7 14. 
Rb1 h6 15. Nxa4 Qe6 16. c4 Nd7 17. f5 Qf6 18. Qd1 Kc7 19. a6 Rb8 20. Bd2 
Rxb1 21. Ba5+ Rb6 22. Qb3 Rb8 23. Rb1 Bd8 24. Nxb6 Nxb6 25. Qa4 Kd7 26. 
Bxb6 Bxb6+ 27. Kh2 Qd8 28. Qd1 Bd4 29. Rb7+ Rxb7 30. axb7 Kc7 31. Qg4 Qg5 
32. Qd1 Kxb7 33. g4 Qf4+ 34. Kh1 Qf2 35. c5 Bxc5 36. h4 Bd4 37. g5 Qxh4+ 
38. Kg2 Qxg5+ 39. Kh3 h5 40. Qb3+ Kc8 41. Kh2 Qg1+ 42. Kh3 Qg4+ 43. Kh2 h4
44. Qb1 Qg1+ 45. Qxg1 Bxg1+ 46. Kxg1 g5 47. Kg2 g4 48. a3 Kb7 49. f6 Kb6 
0-1

[Event "Regular Quad, S40309"]
[Site "CCLA"]
[Date "2014.09.15"]
[Round "?"]
[White "Acosta, Errol"]
[Black "Miller, Allan A."]
[Result "0-1"]
[WhiteElo "1365"]
[BlackElo "1563"]

1. e4 Nf6 2. Nc3 d6 3. f4 Bg4 4. Nf3 e5 5. Bc4 Nc6 6. O-O Nd4 7. d3 c6 8. 
fxe5 Nxf3+ 9. gxf3 Bh3 10. exf6 Bxf1 11. Qxf1 Qxf6 12. Be3 g5 13. Qh3 h5 
14. Rf1 Qg6 15. f4 gxf4+ 16. Kh1 d5 17. exd5 fxe3 18. Qxe3+ Kd8 19. dxc6 
Qxc6+ 20. Bd5 Qd6 21. Rxf7 Bh6 22. Qh3 Re8 23. Qh4+ Re7 24. Rf6 Re1+ 25. 
Rf1+ Qe7 26. Qh3 Rxf1+ 27. Qxf1 Rc8 28. Bxb7 Qxb7+ 0-1

[Event "Regular Quad, S40419"]
[Site "CCLA"]
[Date "2014.12.01"]
[Round "?"]
[White "Howard, James"]
[Black "Miller, Allan A."]
[Result "0-1"]
[WhiteElo "1183"]
[BlackElo "1563"]

1. e4 Nf6 2. d4 d6 3. Bc4 Bg4 4. Nf3 Nbd7 5. Nbd2 e5 6. dxe5 Nxe5 7. Bb5+ 
c6 8. Ba4 Be7 9. O-O O-O 10. Nc4 Nxc4 11. Qd3 Ne5 12. Nxe5 dxe5 13. Bg5 
Qxd3 14. cxd3 h6 15. Be3 Be2 16. Rfe1 Bxd3 17. Rad1 Bb4 18. Rxd3 Bxe1 19. 
Kf1 Bb4 20. a3 Be7 21. b4 Nxe4 22. Bb3 Rfd8 23. Rxd8+ Bxd8 24. f3 Nf6 25. 
a4 Be7 26. f4 exf4 27. Bxf4 Bxb4 28. g4 Nxg4 29. h3 Nf6 30. h4 Nd5 31. a5 
Nxf4 32. Kf2 b5 33. a6 c5 34. Kf3 c4 35. Bc2 Bd2 36. Be4 c3 37. h5 Rc8 38.
 Bf5 c2 39. Bxc2 Rxc2 40. Ke4 b4 41. Kd4 b3 42. Ke5 b2 43. Kd6 b1=Q 44. 
Kd7 Qb6 0-1

[Event "Herbert W. Gustafson Memorial Open, S47079"]
[Site "CCLA"]
[Date "2014.10.27"]
[Round "?"]
[White "Smail, John"]
[Black "Shannon, Paul D."]
[Result "0-1"]
[WhiteElo "1836"]
[BlackElo "1832"]

1. e4 d6 2. d4 Nf6 3. f3 g6 4. c4 Bg7 5. Be3 O-O 6. Ne2 a6 7. Qd2 Nbd7 8. 
Na3 c6 9. O-O-O Qc7 10. Kb1 b5 11. Rc1 Rb8 12. cxb5 axb5 13. Ng3 Ba6 14. 
Bh6 Qb6 15. Bxg7 Kxg7 16. h4 e6 17. h5 Rh8 18. Nc2 c5 19. hxg6 hxg6 20. 
Rxh8 Rxh8 21. f4 Bb7 22. e5 dxe5 23. fxe5 Ne4 24. Nxe4 Bxe4 25. Bd3 Bxd3 
26. Qxd3 c4 27. Qf3 Kf8 28. Rf1 Rh7 29. Qa3+ Kg8 30. Qe7 Nf8 31. a3 Qc6 
32. Qg5 Qe4 33. Kc1 Qd3 34. Qf4 Nd7 35. Qf3 Qxf3 36. Rxf3 Rh4 37. Kd2 Nb6 
38. b3 Kg7 39. bxc4 Nxc4+ 40. Kc3 Rh8 41. Kb4 Rb8 42. Rc3 Nb6 43. Ne3 Na4 
44. Rc7 Nb2 45. Kc5 Nd3+ 46. Kc6 b4 47. axb4 Rxb4 48. Rd7 g5 49. Ng4 Kg6 
50. Rd8 Rc4+ 51. Kb5 Rb4+ 52. Ka5 Rb7 53. Ne3 Kg7 54. Nc4 Nb4 55. Rd6 Nd5 
56. Rd8 Ne7 57. Ka6 Rb4 58. Nd6 Nc6 59. Ne8+ Kg6 60. Rc8 Nxd4 61. g4 Nf3 
0-1

[Event "Regular Quad, S40299"]
[Site "CCLA"]
[Date "2014.09.15"]
[Round "?"]
[White "Blankenship, Jerry T."]
[Black "Miller, Allan A."]
[Result "1-0"]
[WhiteElo "1599"]
[BlackElo "1563"]

1. e4 Nf6 2. Nc3 d6 3. d4 Bg4 4. f3 Bh5 5. Be3 Nc6 6. Bb5 a6 7. Bxc6+ bxc6
8. Nge2 e5 9. d5 cxd5 10. Nxd5 Nxd5 11. Qxd5 Be7 12. Qc6+ Kf8 13. Ng3 Bg6 
14. O-O-O f6 15. Kb1 Be8 16. Qc3 Qb8 17. f4 exf4 18. Bxf4 g6 19. Bh6+ Kg8 
20. Rhf1 Qb6 21. Rxf6 Rb8 22. Rxg6+ 1-0

[Event "3rd TCCL Friendly Server Tournament, 3rdTCCL"]
[Site "CCLA"]
[Date "2014.07.10"]
[Round "?"]
[White "Benson, Katie J."]
[Black "Smith, Jason A."]
[Result "0-1"]
[WhiteElo "1194"]
[BlackElo "1717"]

1. d4 Nf6 2. Nc3 g6 3. e4 d6 4. e5 dxe5 5. dxe5 Qxd1+ 6. Nxd1 Nd5 7. b3 
Bg7 8. Bb2 Nc6 9. Bc4 Nf4 10. g3 Nh3 11. Nxh3 Bxh3 12. Ne3 O-O-O 13. Bd5 
Nb4 14. Be4 f5 15. c3 Nd3+ 16. Bxd3 Rxd3 17. Nc4 Rhd8 18. Ne3 Bxe5 19. Rd1
Bxc3+ 20. Bxc3 Rxc3 21. Ke2 e5 22. Rd5 Rxd5 23. Rd1 Rxe3+ 24. fxe3 Bg4+ 
0-1

[Event "Herbert W. Gustafson Memorial Open, S47079"]
[Site "CCLA"]
[Date "2014.10.27"]
[Round "?"]
[White "Anderson, Clarence"]
[Black "Shannon, Paul D."]
[Result "1-0"]
[WhiteElo "1798"]
[BlackElo "1832"]

1. e4 d6 2. d4 Nf6 3. Nc3 g6 4. Be3 c6 5. h3 b5 6. e5 Nfd7 7. exd6 exd6 8.
 d5 b4 9. Qd4 Nf6 10. Ne4 Bg7 11. dxc6 O-O 12. c7 Qxc7 13. Nxf6+ Kh8 14. 
Qh4 h5 15. O-O-O Qa5 16. Bc4 Be6 17. Nd5 1-0

[Event "Continuous Server Series, S40069"]
[Site "CCLA"]
[Date "2014.03.03"]
[Round "?"]
[White "Kline, John T."]
[Black "Jones, Scott C."]
[Result "1-0"]
[WhiteElo "1569"]
[BlackElo "1274"]

1. e4 d6 2. d4 Nf6 3. Nc3 g6 4. Be3 a6 5. Be2 Bg7 6. f4 O-O 7. h3 b5 8. e5
Bb7 9. exf6 Bxg2 10. fxg7 Bxh1 11. gxf8=Q+ Qxf8 12. Bf3 Bxf3 13. Qxf3 Nd7 
14. f5 Nf6 15. Nd5 Qg7 16. Nxf6+ Qxf6 17. Qxa8+ Kg7 18. O-O-O 1-0

[Event "Herbert W. Gustafson Memorial Open, S47039"]
[Site "CCLA"]
[Date "2014.10.27"]
[Round "?"]
[White "Galvin, John H."]
[Black "Quirk, Michael"]
[Result "0-1"]
[WhiteElo "2191"]
[BlackElo "2205"]

1. e4 d6 2. d4 Nf6 3. Nc3 g6 4. Bg5 Bg7 5. Qe2 h6 6. Bh4 c6 7. O-O-O Nh5 
8. Kb1 Nd7 9. g4 Nf4 10. Qe3 Ne6 11. Nge2 Nb6 12. f4 g5 13. Bf2 gxf4 14. 
Qf3 d5 15. Nxf4 dxe4 16. Nxe4 Nxf4 17. Qxf4 Be6 18. Nc5 Bd5 19. Rg1 Nd7 
20. Nxd7 Qxd7 21. c4 Qd6 22. Qxd6 Be4+ 23. Kc1 exd6 24. Re1 d5 25. Bg2 
O-O-O 26. Bxe4 dxe4 27. Rxe4 h5 28. gxh5 f5 29. Re7 Bxd4 30. Bxd4 Rxd4 31.
 Rgg7 Rxh5 32. Rc7+ Kd8 33. Rxb7 Kc8 0-1

[Event "Summer Server Series, S40071"]
[Site "CCLA"]
[Date "2014.07.28"]
[Round "?"]
[White "Evans, Stanley W."]
[Black "Hadley, Douglas R."]
[Result "1-0"]
[WhiteElo "1787"]
[BlackElo "1576"]

1. e4 d6 2. d4 Nf6 3. Nc3 g6 4. Nf3 Bg7 5. Bf4 O-O 6. Be2 Bg4 7. h3 Bxf3 
8. Bxf3 c6 9. O-O Nfd7 10. Rb1 e5 11. Be3 Nb6 12. Be2 N8d7 13. Qd2 exd4 
14. Bxd4 Ne5 15. f4 Nec4 16. Qd3 f6 17. b3 Na3 18. Rbd1 Qc7 19. f5 Rad8 
20. fxg6 hxg6 21. Na4 Nb5 22. Be3 d5 23. Nxb6 axb6 24. a4 Nd6 25. exd5 Nf5
26. Bf4 Qd7 27. g4 Ne7 28. d6 Nd5 29. Qxg6 Qf7 30. Qxf7+ Rxf7 31. Bc4 Bf8 
32. Bxd5 cxd5 33. Rxd5 Rfd7 34. Rfd1 Kf7 35. c4 Ke6 36. Kf2 Kf7 37. Kf3 
Re8 38. h4 Kg6 39. h5+ Kh7 40. Rb5 Re6 41. Rxb6 1-0

[Event "Herbert W. Gustafson Memorial, S47209"]
[Site "CCLA"]
[Date "2014.10.27"]
[Round "?"]
[White "Howard, James"]
[Black "Sullivan, Terry"]
[Result "1-0"]
[WhiteElo "1145"]
[BlackElo "1089"]

1. Nf3 Nf6 2. d4 g6 3. Nc3 d6 4. e4 e6 5. Bc4 Bg7 6. O-O O-O 7. Bf4 c5 8. 
d5 g5 9. Bxg5 h6 10. Bf4 Bd7 11. dxe6 fxe6 12. Bxd6 Nc6 13. Bxc5 Re8 14. 
Qd6 b6 15. Be3 Ng4 16. Qf4 Rf8 17. Qxg4 b5 18. Bxh6 Kf7 19. Bxg7 Rg8 20. 
Qf4+ Kg6 21. Qh6+ Kf7 22. Ng5+ Ke7 23. Rad1 bxc4 24. Qf6+ Ke8 25. Qf7# 1-0

[Event "Continuous Server Series, S40069"]
[Site "CCLA"]
[Date "2014.03.03"]
[Round "?"]
[White "Bokiev, Alan"]
[Black "Jones, Scott C."]
[Result "1-0"]
[WhiteElo "1739"]
[BlackElo "1274"]

1. e4 d6 2. d4 Nf6 3. Nc3 g6 4. Be2 Bg7 5. Nf3 O-O 6. O-O a6 7. a4 Nbd7 8.
 h3 b6 9. Bc4 Bb7 10. e5 Bxf3 11. Qxf3 dxe5 12. dxe5 Nxe5 13. Qe2 Nxc4 14.
 Qxc4 Nd7 15. Rd1 Bxc3 16. Qxc3 a5 17. Bh6 f6 18. Bxf8 1-0

[Event "Continuous Server Series, S40059"]
[Site "CCLA"]
[Date "2014.02.19"]
[Round "?"]
[White "Fausey, Verna M."]
[Black "Jones, Scott C."]
[Result "1-0"]
[WhiteElo "1747"]
[BlackElo "1274"]

1. e4 d6 2. d4 Nf6 3. Nc3 g6 4. Nf3 Bg7 5. Be2 O-O 6. O-O a6 7. Re1 Nbd7 
8. e5 dxe5 9. dxe5 Ne8 10. Bc4 e6 11. Bg5 f6 12. exf6 Nexf6 13. Rxe6 Kh8 
14. Qe2 Re8 15. Rd1 Rxe6 16. Bxe6 b5 17. Ne5 Nxe5 18. Rxd8+ Ng8 19. Rxg8# 
1-0

[Event "Continuous Server Series, S40059"]
[Site "CCLA"]
[Date "2014.02.19"]
[Round "?"]
[White "Kline, John T."]
[Black "Smith, Dan W."]
[Result "1-0"]
[WhiteElo "1569"]
[BlackElo "1435"]

1. e4 d6 2. d4 Nf6 3. Nc3 g6 4. f4 Bg7 5. Nf3 O-O 6. Bd3 e6 7. O-O Nc6 8. 
e5 dxe5 9. fxe5 Nd5 10. Nxd5 exd5 11. c3 Bg4 12. h3 Bxf3 13. Rxf3 a6 14. 
Be3 Ne7 15. Bg5 f6 16. exf6 1-0

[Event " Herbert W. Gustafson Memorial Open, S47109"]
[Site "CCLA"]
[Date "2014.10.27"]
[Round "?"]
[White "Zarges, Ron V."]
[Black "Gomolka, Ed P."]
[Result "1-0"]
[WhiteElo "1651"]
[BlackElo "1643"]

1. e4 d6 2. d4 Nf6 3. Nc3 g6 4. f4 Bg7 5. Nf3 O-O 6. Bd3 Nc6 7. O-O Bg4 8.
 e5 dxe5 9. dxe5 Nd7 10. Be3 e6 11. Qe1 Nb6 12. Rd1 Qe7 13. Qf2 Rad8 14. 
Bc5 Qd7 15. Bxf8 Kxf8 16. Bf5 Qxd1 17. Rxd1 Rxd1+ 18. Nxd1 Bxf5 19. Ne3 
Ne7 20. Nxf5 Nxf5 21. Qc5+ Kg8 22. Qxc7 Nd5 23. Qc8+ Bf8 24. g3 Nde3 25. 
Ng5 Ne7 26. Qe8 1-0

[Event " Herbert W. Gustafson Memorial Open, S47109"]
[Site "CCLA"]
[Date "2014.10.27"]
[Round "?"]
[White "Hadley, Douglas R."]
[Black "Gomolka, Ed P."]
[Result "1-0"]
[WhiteElo "1576"]
[BlackElo "1643"]

1. e4 d6 2. d4 Nf6 3. Nc3 g6 4. f4 Bg7 5. Nf3 O-O 6. Bd3 Nc6 7. O-O Bg4 8.
 e5 dxe5 9. dxe5 Nd7 10. h3 Be6 11. Ng5 Bf5 12. Bxf5 gxf5 13. Be3 e6 14. 
Qh5 h6 15. Nf3 b6 16. Rad1 Qe7 17. a3 Rad8 18. Nb5 Rc8 19. Nh4 a6 20. Nc3 
Nc5 21. Rf3 Kh7 22. Rg3 Qe8 23. Nxf5 Rg8 24. Rxg7+ Rxg7 25. Qxh6+ 1-0

[Event "Summer Server Series, S40061"]
[Site "CCLA"]
[Date "2014.07.28"]
[Round "?"]
[White "Smail, John"]
[Black "Capuzzi, Gabriele"]
[Result "1-0"]
[WhiteElo "1836"]
[BlackElo "1775"]

1. e4 c6 2. Ne2 d5 3. e5 Bg4 4. d4 Qb6 5. Qd3 e6 6. Ng3 Ne7 7. h3 Bf5 8. 
Nxf5 Nxf5 9. c3 Nd7 10. Nd2 c5 11. Nf3 cxd4 12. cxd4 Be7 13. Be2 O-O 14. 
O-O f6 15. Qb5 Qc7 16. g4 Nh6 17. Bxh6 gxh6 18. Rac1 Qd8 19. Rc3 Nb6 20. 
Rfc1 fxe5 21. dxe5 a6 22. Qd3 Rc8 23. Rxc8 Nxc8 24. Nd4 Qb6 25. Rc2 Bh4 
26. Bf3 Ne7 27. Re2 Ng6 28. Nxe6 Rxf3 29. Qxf3 Qxe6 30. Qf5 Qe8 31. Rc2 
Ne7 32. Qe6+ Kg7 33. f4 Qg6 34. Qxg6+ hxg6 35. Rc7 Kf8 36. Kg2 Be1 37. 
Rxb7 a5 38. Kf3 Bd2 39. Rb6 Kg7 40. a3 Kf7 41. b4 axb4 42. axb4 Ke8 43. b5
Kd8 44. Ra6 Bb4 45. Rf6 Bc3 46. h4 Kc7 47. h5 g5 48. Rxh6 gxf4 49. Re6 Kd7
50. Rd6+ Ke8 51. Kxf4 Bd2+ 52. Kf3 1-0

[Event "Continuous Server Series, S40019"]
[Site "CCLA"]
[Date "2014.01.20"]
[Round "?"]
[White "Wolff, Nicholas"]
[Black "Sanchez, David A."]
[Result "1/2-1/2"]
[WhiteElo "1568"]
[BlackElo "1471"]

1. e4 c6 2. f4 d5 3. e5 Bf5 4. Nf3 e6 5. d4 c5 6. Bd3 Nh6 7. c3 Nc6 8. Be3
Bxd3 9. Qxd3 Nf5 10. Bf2 cxd4 11. cxd4 Nb4 12. Qb5+ Qd7 13. Qxd7+ Kxd7 14.
 Na3 Nd3+ 15. Ke2 Nxf2 16. Kxf2 Bxa3 17. bxa3 Rac8 18. Rhc1 h6 19. g4 Ne7 
20. Ke3 Rxc1 21. Rxc1 Rc8 22. Rxc8 Nxc8 23. Kd3 a5 24. Nd2 Na7 25. a4 b6 
1/2-1/2

[Event "Open Server Series, S40089"]
[Site "CCLA"]
[Date "2014.03.24"]
[Round "?"]
[White "Smail, John"]
[Black "Beavan, Robert"]
[Result "0-1"]
[WhiteElo "1836"]
[BlackElo "1937"]

1. e4 c6 2. d3 d5 3. Nd2 e5 4. Ngf3 Bd6 5. g3 Nf6 6. Bg2 O-O 7. O-O Re8 8.
 h3 Nbd7 9. Re1 a5 10. a4 Qc7 11. b3 Bb4 12. Bb2 d4 13. Re2 b5 14. Nf1 
bxa4 15. Rxa4 Nc5 16. Ra1 a4 17. Ba3 Bxa3 18. Rxa3 Be6 19. b4 Ncd7 20. Qa1
Qb7 21. Ng5 Qxb4 22. Nxe6 Rxe6 23. Re1 Ree8 24. Rb1 Qa5 25. Rb2 Nc5 26. 
Qb1 Nfd7 27. Rb4 Reb8 28. Rxb8+ Rxb8 29. Qc1 Nb7 30. Nd2 Nb6 31. f4 exf4 
32. gxf4 Nd6 33. c4 dxc3 34. Rxc3 Nb5 35. Rxc6 Nd4 0-1

[Event "Continuous Server Series, S40189"]
[Site "CCLA"]
[Date "2014.06.06"]
[Round "?"]
[White "Martindale, Roger"]
[Black "Blankenship, Jerry T."]
[Result "0-1"]
[WhiteElo "1209"]
[BlackElo "1599"]

1. e4 c6 2. c4 d5 3. cxd5 cxd5 4. e5 Nc6 5. Nf3 Qb6 6. Nc3 d4 7. Nd5 Qa5 
8. Bc4 Be6 9. Qb3 Rd8 10. Nf4 Bxc4 11. Qxc4 Nxe5 12. b4 Nxf3+ 13. gxf3 
Qe5+ 14. Ne2 d3 15. Qc3 Qxe2# 0-1

[Event "Continuous Server Series, S40189"]
[Site "CCLA"]
[Date "2014.06.06"]
[Round "?"]
[White "Martindale, Roger"]
[Black "Cangelosi, Dominic"]
[Result "0-1"]
[WhiteElo "1209"]
[BlackElo "1415"]

1. e4 c6 2. c4 d5 3. e5 e6 4. cxd5 Qxd5 5. Nf3 Bb4 6. Nc3 Qd8 7. Be2 f5 8.
 d4 Ne7 9. a3 Ba5 10. b4 Bc7 11. O-O Nd7 12. Be3 O-O 13. Ng5 Nb6 14. a4 
Nbd5 15. Nxd5 Nxd5 16. Bd2 a5 17. b5 Bb6 18. f4 Bxd4+ 19. Kh1 Bxa1 20. 
Qxa1 cxb5 21. Bxb5 Nc7 22. Qe1 Nxb5 23. axb5 b6 24. Be3 h6 25. Nf3 Bd7 26.
 Nd4 a4 27. Nc6 Bxc6 28. bxc6 a3 29. Qc1 Qc7 30. Qc4 Rfc8 31. Qxe6+ Qf7 
32. Qxf7+ Kxf7 33. Bxb6 Ra6 34. Be3 Rcxc6 35. h3 a2 36. Bd4 Rc4 37. Ba1 
Rb4 38. Kh2 Rb1 0-1

[Event "Premier Quad, S40259"]
[Site "CCLA"]
[Date "2014.08.18"]
[Round "?"]
[White "Stevens, Daniel L."]
[Black "Capuzzi, Gabriele"]
[Result "0-1"]
[WhiteElo "1771"]
[BlackElo "1775"]

1. e4 c6 2. Nc3 d5 3. Nf3 Bg4 4. h3 Bxf3 5. Qxf3 e6 6. d3 Nd7 7. Bd2 Bd6 
8. exd5 cxd5 9. Be2 Ngf6 10. g3 a6 11. d4 Qb6 12. O-O-O O-O 13. Bg5 Rfc8 
14. Bxf6 Nxf6 15. Rd3 Qc6 16. Kb1 b5 17. Rc1 Bb4 18. Nd1 Ne4 19. c3 a5 20.
 Qe3 Be7 21. f4 Nd6 22. Rd2 Bf6 23. Nf2 Nc4 24. Bxc4 bxc4 25. Ng4 Be7 26. 
Ne5 Qb7 27. g4 a4 28. g5 Rcb8 29. Qf3 a3 30. Rcc2 Ra6 31. Ka1 Rb6 32. b4 
cxb3 33. axb3 Rxb3 34. Ka2 Rb2+ 35. Rxb2 axb2 36. Kb1 Qb3 37. Qd3 Qa3 0-1

[Event "Herbert W. Gustafson Memorial , S47179"]
[Site "CCLA"]
[Date "2014.10.27"]
[Round "?"]
[White "Lyons, Anthony W."]
[Black "Sherry, Katie P."]
[Result "0-1"]
[WhiteElo "1287"]
[BlackElo "1301"]

1. d4 c6 2. e4 Nf6 3. Nc3 d5 4. e5 Ne4 5. Nxe4 dxe4 6. Be3 e6 7. Bc4 Na6 
8. Bxa6 bxa6 9. c4 Bb4+ 10. Bd2 Qa5 11. b3 O-O 12. Bxb4 Qxb4+ 13. Qd2 a5 
14. Qxb4 axb4 0-1

[Event "Summer Server Series, S40091"]
[Site "CCLA"]
[Date "2014.07.28"]
[Round "?"]
[White "Cain, Larry F."]
[Black "Ritzmann, Andrew M."]
[Result "1/2-1/2"]
[WhiteElo "1267"]
[BlackElo "1381"]

1. e4 c6 2. d4 d5 3. e5 Bf5 4. Nf3 e6 5. Bd3 Bxd3 6. Qxd3 Qa5+ 7. Bd2 Qa6 
8. Qxa6 Nxa6 9. O-O Ne7 10. a3 c5 11. Nc3 Nc6 12. Be3 cxd4 13. Bxd4 Bc5 
14. Bxc5 Nxc5 15. Nb5 O-O 16. Nc3 Ne4 17. Rad1 Nxc3 18. bxc3 Rac8 19. Rd3 
Na5 20. Rb1 b6 21. Nd2 Rfd8 22. g3 Nc4 23. Nxc4 Rxc4 24. Rb4 Rxb4 25. cxb4
h6 26. c3 Rc8 1/2-1/2

[Event "Continuous Server Series, S40019"]
[Site "CCLA"]
[Date "2014.01.20"]
[Round "?"]
[White "Laven, George"]
[Black "Strelecky, Rich"]
[Result "1-0"]
[WhiteElo "1834"]
[BlackElo "1584"]

1. e4 c6 2. d4 d5 3. e5 Bf5 4. Nf3 h6 5. Be2 e6 6. O-O Nd7 7. Nbd2 Ne7 8. 
Nb3 Ng6 9. Ne1 c5 10. g4 Be4 11. f3 Bxc2 12. Nxc2 cxd4 13. f4 Be7 14. 
Ncxd4 O-O 15. Be3 Bc5 16. Nxc5 Nxc5 17. Nc6 Qb6 18. Rc1 Rfc8 19. Bxc5 Qxc6
20. Be3 Qd7 21. Rxc8+ Qxc8 22. Qd3 Qe8 23. Qb5 Qe7 24. Rc1 b6 25. Qc6 Rd8 
26. Qc7 Rd7 27. Qb8+ Kh7 28. h3 d4 29. Bd2 d3 30. Bf3 Qh4 31. Kg2 Qe7 32. 
Be4 Rd8 33. Rc8 Rxc8 34. Qxc8 a5 35. Bxd3 a4 36. Qc2 Qc5 37. Qxc5 bxc5 38.
 Be3 Kh8 39. Bxg6 fxg6 40. Bxc5 Kg8 41. Kf3 Kf7 42. Ke4 Ke8 43. h4 Kf7 44.
 g5 Ke8 45. Kd4 h5 46. Kc4 Kf7 47. Kb4 Ke8 48. Kxa4 Kd7 49. Kb5 Kc7 50. a4
Kb7 51. b4 Kc7 52. a5 Kb8 53. Kb6 Ka8 54. Kc6 Kb8 55. Kd6 Kb7 56. Kxe6 Kc6
57. Kf7 1-0